Analýza ukazovateľov ovplyvňujúcich pracovné príjmy obyvateľstva SR diplomová práca

Guardado en:
Detalles Bibliográficos
Autor principal: Mišečka, Juraj
Autor Corporativo: Fakulta hospodárskej informatiky EU. Katedra štatistiky
Otros Autores: Kotlebová, Eva
Formato: Libro
Lenguaje:eslovaco
Publicado: Bratislava 2011
Etiquetas: Agregar Etiqueta
Sin Etiquetas, Sea el primero en etiquetar este registro!

MARC

LEADER 00000nbm a2200000 4500
001 0140924
005 20161109102000.0
041 0 |a slo 
044 |a SK 
245 1 0 |a Analýza ukazovateľov ovplyvňujúcich pracovné príjmy obyvateľstva SR  |b diplomová práca  |c Juraj Mišečka ; školiteľ: Eva Kotlebová 
264 1 |a Bratislava  |c 2011 
300 |a 61 s. 
100 1 |a Mišečka, Juraj 
700 1 |a Kotlebová, Eva 
710 2 |a Fakulta hospodárskej informatiky EU. Katedra štatistiky